00490nam a22001577a 450000500170000000800410001702000230005804100080008108200190008910000200010824500830012826000410021130000240025250400160027665000400029220260506130559.0260506b |||||||| |||| 00| 0 eng d a9781841132266qhbk aeng a342.42029 STE aStevens, Robert aThe English Judges:bTheir Role in the Changing Constitutionc/Robert Stevens; aNorth AmericabHart Publishingc2002 axiv, 169p. :c26cm. aBib and Ref aConstitutional & administrative law